Name the Superhero by Picture - Statistics

General Stats
  • This quiz has been taken 39 times
  • The average score is 19 of 24
Answer Stats
Picture Answer % Correct
Batman
100%
Spiderman
100%
Superman
100%
The Incredible Hulk
100%
Captain America
97%
Thor
97%
Flash
95%
Iron Man
95%
Sonic
92%
Wolverine
86%
Yoda
86%
Robinhood
84%
Aquaman
81%
Robin
81%
Wreck-it Ralph
78%
Pegasus
76%
Falcon
73%
Frozone
70%
Miles Morales
70%
Zeus
70%
Knuckles
65%
Ninja Turtle
35%
Lugia
24%
Hera
8%
No matching quizzes found
Score Distribution
Percent of People with Each Score
Percentile by Number Answered
Your Score History
You have not taken this quiz